Statistics for Rolling Stone's 100 Greatest Songs

Click here to take the quiz!

General Stats

  • This quiz has been taken 3,969 times
  • The average score is 60 of 100

Answer Stats

HintAnswer% Correct
15'I Want to Hold Your Hand'The Beatles
98%
98'In My Life'The Beatles
98%
7'Strawberry Fields Forever'The Beatles
98%
24'A Day in the Life'The Beatles
98%
89'Hey Jude'The Beatles
98%
72'Yesterday'The Beatles
98%
44'Billie Jean'Michael Jackson
97%
17'Bohemian Rhapsody'Queen
96%
5'Smells Like Teen Spirit'Nirvana
94%
85'Kiss'Prince
94%
18'Purple Rain'Prince and the Revolution
94%
37'When Doves Cry'Prince and the Revolution
94%
99'Stayin' Alive'Bee Gees
93%
86'Tumbling Dice'The Rolling Stones
93%
31'(I Can't Get No) Satisfaction'The Rolling Stones
93%
13'Gimme Shelter'The Rolling Stones
93%
19'Imagine'John Lennon
89%
95'Wonderwall'Oasis
89%
1'Respect'Aretha Franklin
88%
90'(You Make Me Feel Like) A Natural Woman'Aretha Franklin
88%
47'Tiny Dancer'Elton John
88%
88'Sweet Child O' Mine'Guns N' Roses
88%
82'Rolling in the Deep'Adele
87%
61'Stairway to Heaven'Led Zeppelin
86%
94'I Will Always Love You'Whitney Houston
86%
55'Like a Prayer'Madonna
85%
4'Like a Rolling Stone'Bob Dylan
83%
67'Tangled Up in Blue'Bob Dylan
83%
100'Blowin' in the wind'Bob Dylan
83%
83'Desolation Row'Bob Dylan
83%
63'Jolene'Dolly Parton
81%
53'Good Vibrations'The Beach Boys
80%
11'God Only Knows'The Beach Boys
80%
27'Born to Run'Bruce Springsteen
78%
76'I Walk the Line'Johnny Cash
78%
39'B.O.B.'Outkast
78%
10'Hey Ya!'Outkast
78%
66'Bridge Over Troubled Water'Simon and Garfunkel
73%
40'All Along the Watchtower'The Jimi Hendrix Experience
73%
36'Seven Nation Army'The White Stripes
73%
16'Crazy in Love'Beyonce
72%
73'Formation'Beyonce
72%
70'Suspicious Minds'Elvis Presley
71%
12'Superstition'Stevie Wonder
71%
96'99 Problems'Jay-Z
68%
30'Royals'Lorde
68%
33'Johnny B. Goode'Chuck Berry
67%
79'Back to Black'Amy Winehouse
66%
23'Heroes'David Bowie
66%
60'Running Up That Hill'Kate Bush
64%
6'What’s Going On'Marvin Gaye
64%
38'(Sittin' On) the Dock of the Bay'Otis Redding
62%
71'Fast Car'Tracy Chapman
61%
93'Since U Been Gone'Kelly Clarkson
58%
9'Dreams'Fleetwood Mac
57%
74'Hallelujah'Leonard Cohen
57%
92'Good Golly, Miss Molly'Little Richard
57%
35'Tutti-Frutti'Little Richard
57%
64'Blitzkrieg Bop'Ramones
57%
65'September'Earth, Wind, and Fire
56%
62'One'U2
55%
42'Redemption Song'Bob Marley and the Wailers
51%
43'My Girl'The Temptations
50%
34'Papa’s Got a Brand New Bag'James Brown
44%
84'Let's Stay Together'Al Green
43%
46'Paper Planes'M.I.A.
43%
56'Work It'Missy Elliott
43%
8'Get Ur Freak On'Missy Elliott
43%
29'Nuthin' but a 'G' Thang'Dr. Dre
40%
41'Love Will Tear Us Apart'Joy Division
39%
2'Fight the Power'Public Enemy
39%
14'Waterloo Sunset'The Kinks
37%
49'Doo Wop (That Thing)'Lauryn Hill
36%
32'Juicy'Notorious B.I.G.
35%
25'Runaway'Kanye West
34%
75'Common People'Pulp
32%
28'Once in a Lifetime'Talking Heads
32%
69'All Too Well'Taylor Swift
32%
58'The Weight'The Band
31%
80'What'd I Say'Ray Charles
30%
57'Family Affair'Sly and the Family Stone
29%
22'Be My Baby'The Ronettes
29%
3'A Change Is Gonna Come'Sam Cooke
28%
52'I Feel Love'Donna Summer
27%
54'The Tracks of My Tears'Smokey Robinson and the Miracles
27%
50'Gasolina'Daddy Yankee
26%
21'Strange Fruit'Billie Holiday
25%
78'Reach Out (I'll Be There)'The Four Tops
25%
51'Walk on By'Dionne Warwick
23%
48'Idioteque'Radiohead
22%
59'The Message'Grandmaster Flash and the Furious Five
20%
20'Dancing on My Own'Robyn
20%
68'Good Times'Chic
19%
97'Gloria'Patti Smith
19%
81'I’m Waiting for the Man'The Velvet Underground
19%
45'Alright'Kendrick Lamar
17%
26'A Case of You'Joni Mitchell
14%
87'All My Friends'LCD Soundsystem
6%
77'Roadrunner'The Modern Lovers
6%
91'Int'l Players Anthem (I Choose You)'UGK
6%

Score Distribution

Percentile by Number Answered

Percent of People with Each Score

Your Score History

You have not taken this quiz